| 000 | 00723nam a22002177a 4500 | ||
|---|---|---|---|
| 999 |
_c16571 _d16571 |
||
| 003 | AR-CdUCM | ||
| 008 | 190503b ||||| |||| 00| 0 spa d | ||
| 040 |
_aMUNICIPALIDAD PROVINCIAL DEL CUSCO _cBIBLIOTECA MUNICIPAL DEL CUSCO |
||
| 082 |
_23ed. _a126.8 / _bOR73 |
||
| 100 |
_aOrtega y Gasset, José _95772 |
||
| 245 | _aNotas / | ||
| 260 |
_aBuenos Aires : _bEspasa-Calpe Argentina, _c1943. |
||
| 440 |
_aColección Austral. _9172 |
||
| 505 | _aContenido: Notas de andan y ver -- Notas de arte y filosofía -- Notas de vago estío. | ||
| 650 |
_aEnsayos españoles _9576 |
||
| 650 |
_aFilosofía _9395 |
||
| 650 |
_aSiglo XX _98 |
||
| 650 |
_aCultura medieval _9726 |
||
| 942 |
_2ddc _cLIBROS |
||
| 945 |
_aachl _d2019-05-03 |
||